000 004010000a22001690004500
003 LK-CoMWRAF
005 20230930202702.0
008 230817t ||||| |||| 00| 0 eng d
040 _aLK-CoMWRAF
_dLK-CoMWRAF
_eLK-CoMWRAF
041 _aeng
082 _a297.122
_bQUR
245 _aThe Quran
260 _aLebanon :
_bDar Al-Choura,
_c1980
300 _a294p
650 _aIslam--Quran
942 _cBK
999 _c1685
_d1685